UBT Library

Purification of laboratory chemicals. (Record no. 44510)

000 -LEADER
fixed length control field 00729cam a2200253 a 4500
001 - CONTROL NUMBER
control field 13450540
005 - DATE AND TIME OF LATEST TRANSACTION
control field 20180308090924.0
008 - FIXED-LENGTH DATA ELEMENTS--GENERAL INFORMATION
fixed length control field 040106s2003 ne b 001 0 eng d
010 ## - LIBRARY OF CONGRESS CONTROL NUMBER
LC control number 2004267007
020 ## - INTERNATIONAL STANDARD BOOK NUMBER
International Standard Book Number 0750675713
035 ## - SYSTEM CONTROL NUMBER
System control number (OCoLC)ocm52733960
040 ## - CATALOGING SOURCE
Original cataloging agency IPL
Transcribing agency IPL
Modifying agency TMS
-- IXA
-- DLC
041 ## - LANGUAGE CODE
Language code of text/sound track or separate title eng
042 ## - AUTHENTICATION CODE
Authentication code lccopycat
080 ## - UNIVERSAL DECIMAL CLASSIFICATION NUMBER
Universal Decimal Classification number 542 ARM
082 00 - DEWEY DECIMAL CLASSIFICATION NUMBER
Classification number 542 ARM
Edition number 22
100 1# - Rafti
Rafti 12
101 ## - Shkurtesa
Shkurtesa KIM
245 10 - TITLE STATEMENT
Title Purification of laboratory chemicals.
504 ## - BIBLIOGRAPHY, ETC. NOTE
Bibliography, etc Includes bibliographical references and index.
906 ## - LOCAL DATA ELEMENT F, LDF (RLIN)
a 7
b cbc
c copycat
d 2
e ncip
f 20
g y-gencatlg
942 ## - ADDED ENTRY ELEMENTS (KOHA)
Source of classification or shelving scheme
Item type Books
Holdings
Withdrawn status Lost status Source of classification or shelving scheme Damaged status Not for loan Collection code Permanent location Current location Shelving location Date acquired Total Checkouts Full call number Barcode Date last seen Price effective from Koha item type
          Koleksioni i përgjithshem UBT - Lipjan UBT - Lipjan Koleksioni i përgjithshem 03/08/2018   542 ARM 002-3001083 03/08/2018 03/08/2018 Books
UBT Library © 2015-2024. All rights reserved University Education for Business and Technology